| 000 | 00418nam a22001697a 4500 | ||
|---|---|---|---|
| 008 | 170411b xxu||||| |||| 00| p tur d | ||
| 020 | _a975418609X | ||
| 041 | _atur | ||
| 050 | _aPL248.M37 | ||
| 100 |
_9159 _aRoni Margulies |
||
| 245 |
_aElsa _cRoni Margulies |
||
| 250 | _a1. Baskı | ||
| 260 |
_aİstanbul _bAdam Yayınları _cOcak 2000 |
||
| 300 | _a45 sayfa | ||
| 650 | 0 |
_9145 _aTürk Edebiyatı |
|
| 942 |
_2lcc _cBK |
||
| 999 |
_c303 _d299 |
||